Good, Great, Better, or Best? Quiz Stats

 Plays Quiz Updated Nov 13, 2017

Score 0/40 Timer 05:00
3 Plays Today
Question Answer Wrong Answers
The _____ Wall of China
Extremely long landmark in China
Great
97%
Good
0.1%
Better
0.1%
Best
0.1%
Diamonds Are a Girl's _____ Friend
Song made famous by Marilyn Monroe
Best
96.8%
Good
0.1%
Great
0.1%
Better
0.2%
The _____ Pyramids of Giza
One of the Seven Wonders of the World
Great
96.8%
Good
0.2%
Better
0.1%
Best
0.2%
Man's _____ Friend
Phrase associated with dogs
Best
96.7%
Good
0.2%
Great
0.1%
Better
0.2%
The _____ Depression
Global economic downturn of the 1930s
Great
96.7%
Good
0.3%
Better
0.1%
Best
0.2%
_____ Britain
Principal island in the British Isles
Great
96.6%
Good
0.3%
Better
0.2%
Best
0.1%
_____ Late Than Never
Phrase asserting that tardiness is preferable to no-showing
Better
96.6%
Good
0.1%
Great
0.1%
Best
0.6%
The _____ Barrier Reef
Notable structure off the coast of Australia
Great
96.5%
Good
0.3%
Better
0.1%
Best
0.2%
Hit Me with Your _____ Shot
Pat Benatar song
Best
96.4%
Good
0.3%
Great
0.3%
Better
0.4%
As _____ As It Gets
1997 Jack Nicholson & Helen Hunt romantic comedy
Good
96.3%
Great
0.4%
Better
0.2%
Best
0.2%
_____ Balls of Fire
Signature song of Jerry Lee Lewis
Great
96.3%
Good
0.6%
Better
0.2%
Best
0.3%
Simply the _____
Tina Turner song
Best
96%
Good
0.4%
Great
0.4%
Better
0.5%
Father Knows _____
1950s TV sitcom
Best
95.6%
Good
0.1%
Great
0.1%
Better
1.4%
_____ Will Hunting
Drama that won Robin Williams an Oscar
Good
95.6%
Great
1%
Better
0.3%
Best
0.4%
_____ Friday
Commemoration of Jesus's deathday
Good
95.5%
Great
1.2%
Better
0.1%
Best
0.3%
Nobody Does It _____
Carly Simon song for 'The Spy Who Loved Me'
Better
95.4%
Good
0.4%
Great
0.2%
Best
1.2%
_____ Than Ezra
Band behind the song 'Good'
Better
95.2%
Good
0.7%
Great
0.6%
Best
0.6%
_____ Plains
Expanse of land in the US between the Mississippi River and Rockies
Great
95.2%
Good
0.9%
Better
0.5%
Best
0.6%
The _____ Thing Since Sliced Bread
Phrase for any new innovation
Best
95.2%
Good
0.5%
Great
0.9%
Better
0.8%
The _____ Years of Our Lives
Academy Award winning film
Best
95.1%
Good
0.7%
Great
0.7%
Better
0.7%
_____ Off Dead
John Cusack film
Better
95%
Good
0.5%
Great
0.3%
Best
1.5%
A Few _____ Men
Military courtroom classic with Jack Nicholson
Good
94.3%
Great
2.4%
Better
0.2%
Best
0.3%
_____ Expectations
Charles Dickens novel
Great
94.2%
Good
2%
Better
0.6%
Best
0.4%
The _____ Wife
Julianna Margulies legal drama
Good
94%
Great
0.9%
Better
0.8%
Best
1.5%
_____ Half
Term often applied to one's spouse
Better
93.6%
Good
1.6%
Great
0.3%
Best
1.7%
A _____ Man Is Hard to Find
Flannery O'Connor short story
Good
91.1%
Great
3.6%
Better
1.7%
Best
0.8%
All Creatures _____ and Small
Line from 'All Things Bright and Beautiful' and a British TV show
Great
90.8%
Good
5.9%
Better
0.3%
Best
0.2%
_____ Call Saul
'Breaking Bad' spinoff
Better
89.8%
Good
3.4%
Great
1.4%
Best
2.5%
Getting _____
Song from 'Sgt. Pepper's Lonely Hearts Club Band'
Better
89.8%
Good
6.3%
Great
0.8%
Best
0.2%
_____ Buy
Popular electronics chain
Best
88.9%
Good
3%
Great
1.6%
Better
3.8%
Feel _____ Inc.
Hit song by Gorillaz
Good
86.8%
Great
4%
Better
6.1%
Best
0.3%
Pete _____
The original drummer for The Beatles
Best
85.1%
Good
8.1%
Great
2.3%
Better
1.5%
Build a _____ Mousetrap...
Phrase about innovation and creation
Better
84%
Good
5.9%
Great
6.9%
Best
0.4%
The _____ Dictator
Charlie Chaplin anti-war film
Great
83.9%
Good
10.4%
Better
0.4%
Best
2.5%
The _____ Laid Plans
...of mice and men...
Best
82%
Good
2.5%
Great
10.7%
Better
2%
You _____ You Bet
Song by The Who
Better
78.2%
Good
4.6%
Great
2%
Best
12.2%
Do Not Go Gentle Into That _____ Night
Dylan Thomas poem
Good
75.4%
Great
20.2%
Better
0.9%
Best
0.5%
_____ Kid, M.A.A.D City
Kendrick Lamar album
Good
70.7%
Great
15.5%
Better
2.2%
Best
8.5%
_____ Living Through Chemistry
Slogan of DuPont
Better
70.2%
Good
16%
Great
7.4%
Best
3.4%
The _____ Place
Current fantasy/comedy television series
Good
59.5%
Great
4.7%
Better
10.8%
Best
22%

You're not logged in!

Compare scores with friends on all Sporcle quizzes.
Join for Free
OR
Log In

You Might Also Like...

Show Comments

Extras

Top Quizzes Today


Score Distribution

Your Account Isn't Verified!

In order to create a playlist on Sporcle, you need to verify the email address you used during registration. Go to your Sporcle Settings to finish the process.

Report this User

Report this user for behavior that violates our Community Guidelines.

Details: